[Recenzija na naukovu monografiju PhDr. Rudolfa Kucharčíka, PhD. "Pro zovnišňu politiku Charľa de Golľa"]

Recenzia na určujúce názory Charlesa de Gaullea v zahraničnopolitických otázkach. Ideologické zdroje hollizmu. Faktory, ktoré ovplyvnili postavenie Francúzska počas studenej vojny.

Guardado en:
Detalles Bibliográficos
Autor principal: Zubro, Tetyana, 1975-
Formato: Capítulo de libro
Lenguaje:ucraniano
Materias:
Etiquetas: Agregar Etiqueta
Sin Etiquetas, Sea el primero en etiquetar este registro!

MARC

LEADER 00000naa$a2200000$$$4500
001 0269121
005 20240502083807.0
041 0 |a ukr 
044 |a PL 
245 1 0 |a [Recenzija na naukovu monografiju PhDr. Rudolfa Kucharčíka, PhD. "Pro zovnišňu politiku Charľa de Golľa"]  |c Tetyana Zubro 
520 |a Recenzia na určujúce názory Charlesa de Gaullea v zahraničnopolitických otázkach. Ideologické zdroje hollizmu. Faktory, ktoré ovplyvnili postavenie Francúzska počas studenej vojny. 
610 2 0 |a politika zahraničná 
610 2 0 |a ideológia 
610 2 0 |a vojna studená 
610 2 0 |a Francúzsko 
100 1 |a Zubro, Tetyana, 1975-